|
|
|
|
| LEADER |
00704pam a22002178a 4500 |
| 001 |
00000233 |
| 005 |
20171026081022.0 |
| 008 |
110318s2010 ||||||Viesd |
| 020 |
|
|
|c 42000
|
| 041 |
0 |
# |
|a Vie
|
| 082 |
1 |
4 |
|a 378.597
|b NG450B
|
| 245 |
0 |
0 |
|a Ngô Bảo Châu rạng danh trí tuệ Việt nam
|
| 260 |
# |
# |
|a H.
|b Chính trị quốc gia
|c 2010
|
| 300 |
# |
# |
|a 279 tr.
|c 21 cm.
|
| 650 |
# |
4 |
|a Giáo dục việt nam
|
| 653 |
# |
# |
|a Danh nhân
|a Ngô Bảo Châu
|
| 852 |
# |
# |
|b Kho mượn
|j KM.0001940
|
| 852 |
# |
# |
|b Kho đọc
|j KD.0000550
|
| 852 |
# |
# |
|j KD.0000550
|j KM.0001940
|
| 910 |
|
|
|d 18/03/2011
|
| 980 |
# |
# |
|a Trung tâm Học liệu Lê Vũ Hùng, Trường Đại học Đồng Tháp
|